| 000 | 00581cam a22002171 4500 | ||
|---|---|---|---|
| 001 | sa 63003303 | ||
| 003 | DLC | ||
| 005 | 20260227111941.0 | ||
| 008 | 890824s1962 ii 000 1 hino | ||
| 010 | _asa 63003303 | ||
| 035 | _a(OCoLC)20253363 | ||
| 040 |
_aDLC _cWaU _dNRU _dDLC |
||
| 042 | _apremarc | ||
| 050 | 0 | 0 |
_aPK2098.B3394 _bA7 |
| 100 | 0 |
_aBalvant Singh, _d1920-1986. |
|
| 245 | 1 | 0 |
_aĀga kī kaliyam̐. _c[Lekhaka] Balavanta Siṃha. |
| 260 |
_aIlāhābāda, _bPragati Prakāśana _c[1962] |
||
| 300 |
_a128 p. _c20 cm. |
||
| 500 | _aIn Hindi. | ||
| 500 | _aA novel. | ||
| 999 |
_c55011 _d55011 |
||